| 000 | 00569nam a22002177a 4500 | ||
|---|---|---|---|
| 003 | LK-CoMWRAF | ||
| 005 | 20240103113445.0 | ||
| 008 | 231017b |||||||| |||| 00| 0 eng d | ||
| 020 | _a0333299728 | ||
| 040 |
_aLK-CoMWRAF _dLK-CoMWRAF _eLK-CoMWRAF |
||
| 041 | _aeng | ||
| 082 |
_a821 _bSAD |
||
| 100 | _aSadler, R. K. | ||
| 110 | _aHayllar, T. A. S. | ||
| 111 | _aPowell, C. J. | ||
| 245 | _aEnjoying poetry | ||
| 260 |
_aMelbourne : _bMacmillan education _c1981 |
||
| 650 | _aEnglish poetry | ||
| 650 | _aEnglish poetry--History and criticism | ||
| 942 | _cBK | ||
| 999 |
_c3916 _d3916 |
||